| 000 | 01272nam a2200205Ia 4500 | ||
|---|---|---|---|
| 999 |
_c51024 _d51024 |
||
| 001 | 17981 | ||
| 003 | GE_BSU | ||
| 005 | 20190427204800.0 | ||
| 008 | 181216s1990||||ge |||||||||||||| ||geo|| | ||
| 040 | _cGE_BSU | ||
| 041 | _ageo | ||
| 080 | _a624.012.4(072) მ-50 | ||
| 245 |
_aმეთოდური მითითებები რკინაბეტონის ერთსართულიანი სამრეწველო კარკასული შენობის განივი ჩარჩოს გაანგარიშებაში / _cშემდგენ. ლ. ავალიშვილი |
||
| 264 |
_aთბილისი : _c1990. |
||
| 300 |
_a64 გვ. : _bნახაზები ; _c20 სმ. |
||
| 653 | _aმეთოდური მითითებები რკინაბეტონის ერთსართულიანი სამრეწველო კარკასული შენობის განივი ჩარჩოს გაანგარიშებაში | ||
| 653 | _aსამრეწველო კარკასული შენობები | ||
| 700 |
_a ავალიშვილი, ლ. _eშემდგენელი _9509 |
||
| 942 |
_cBK _2udc |
||